| 000 | 00375nam a2200145 4500 | ||
|---|---|---|---|
| 001 | 114126 | ||
| 003 | ES-MaACL | ||
| 005 | 20230906190100.0 | ||
| 007 | t| | ||
| 008 | 061121s1909 fr r ||||1| fre d | ||
| 245 | 0 | 0 | _aNotes sur Auguste Comte par un de ses disciples. |
| 260 |
_aParis : _bGeorges Crés, _c1909. |
||
| 300 |
_a186 p. ; _c23 cm. |
||
| 852 |
_aES-MaACL _jF-9933 |
||
| 999 |
_c114126 _d114126 |
||